000 01136cam a22003255a 4500
001 L159681
008 171208s2017 xxk f 000 0 eng d
035 _a(Sirsi) u159681
041 _aeng
100 _aKing, Owen
245 _aWorkspace reworked
_bride the wave of tech driven change
_h[electronic resource]
260 _c2017
350 _a0
520 _aTechnology is redefining how and where we work. Faster, ubiquitous connectivity, big data and artificial intelligence are just some of the technological advancements set to revolutionise real estate.
650 _aFacilities management
_96240
650 _aOCCUPANCY LEVELS
650 _aOFFICE SPACE
650 _aSMART FLOORS
650 _aCO-WORKING
650 _aSPACE PLANNING
650 _aSPACE UTILISATION
650 _aWORKING PATTERNS
651 4 _aENGLAND AND WALES
690 _aBIG DATA
710 1 _aJones Lang LaSalle
_93755
856 4 0 _uhttps://ridethewave.jll.com/
_zRequest the full report at ridethewave.jll.com
856 4 0 _uhttps://ridethewave.jll.com/
_zView the summary at jll.turtl.co
942 _n0
948 _c04/03/1997
999 _c116088
_d116088